00260nam a22000857a 4500082001900000100002100019245009500040260002900135300001000164 aTNC D1x54 B859 aBudhwar, Prem K. aMany lands many peoples :bRecollections and impressions of a diplomatcby Prem K. Budhwar aDelhibKonark Pub.c2002 a214p.